| 000 | 00389nam a22001577a 4500 | ||
|---|---|---|---|
| 003 | OSt | ||
| 005 | 20180116183003.0 | ||
| 008 | 150722b xxu||||| |||| 00| 0 eng d | ||
| 040 | _c0 | ||
| 082 | _a005.3 | ||
| 100 | _aJohn Walkenbach | ||
| 245 |
_aMicrosoft Excel 2000 _bProgramming with VBA & Formulae Bible |
||
| 260 |
_aIndia _bIDG Books _c2000 |
||
| 300 | _a1381p. | ||
| 942 |
_2ddc _cBK |
||
| 999 |
_c349942 _d349942 |
||